<?xml version="1.0" encoding="UTF-8"?>
<record
    xmlns:xsi="http://www.w3.org/2001/XMLSchema-instance"
    xsi:schemaLocation="http://www.loc.gov/MARC21/slim http://www.loc.gov/standards/marcxml/schema/MARC21slim.xsd"
    xmlns="http://www.loc.gov/MARC21/slim">

  <leader>02062nam a22003975i 4500</leader>
  <controlfield tag="001">21304935</controlfield>
  <controlfield tag="003">YEEZEN</controlfield>
  <controlfield tag="005">20230928110743.0</controlfield>
  <controlfield tag="008">191122s2020    pau           000 0 eng  </controlfield>
  <datafield tag="010" ind1=" " ind2=" ">
    <subfield code="a">  2019955465</subfield>
  </datafield>
  <datafield tag="020" ind1=" " ind2=" ">
    <subfield code="a">9780323760737</subfield>
    <subfield code="q">(v. 1 ;</subfield>
    <subfield code="q">hardcover)</subfield>
  </datafield>
  <datafield tag="020" ind1=" " ind2=" ">
    <subfield code="a">9780323760744</subfield>
    <subfield code="q">(v. 2 ;</subfield>
    <subfield code="q">hardcover)</subfield>
  </datafield>
  <datafield tag="020" ind1=" " ind2=" ">
    <subfield code="a">9780323509138</subfield>
    <subfield code="q">(hardcover)</subfield>
  </datafield>
  <datafield tag="020" ind1=" " ind2=" ">
    <subfield code="z">9780323547154</subfield>
    <subfield code="q">(ebook)</subfield>
  </datafield>
  <datafield tag="040" ind1=" " ind2=" ">
    <subfield code="a">DLC</subfield>
    <subfield code="b">eng</subfield>
    <subfield code="e">rda</subfield>
    <subfield code="c">DLC</subfield>
  </datafield>
  <datafield tag="042" ind1=" " ind2=" ">
    <subfield code="a">pcc</subfield>
  </datafield>
  <datafield tag="050" ind1=" " ind2=" ">
    <subfield code="a">WE830</subfield>
    <subfield code="b">2021</subfield>
  </datafield>
  <datafield tag="245" ind1="0" ind2="0">
    <subfield code="a">Rehabilitation of the hand and upper extremity /</subfield>
    <subfield code="c">Terri M. Skirven, A. Lee Osterman, Jane M. Fedorczyk, Peter C. Amadio, Sheri B. Feldscher, Eon Kyu Shin.</subfield>
  </datafield>
  <datafield tag="250" ind1=" " ind2=" ">
    <subfield code="a">7th edition.</subfield>
  </datafield>
  <datafield tag="263" ind1=" " ind2=" ">
    <subfield code="a">2003</subfield>
  </datafield>
  <datafield tag="264" ind1=" " ind2="1">
    <subfield code="a">Philadelphia :</subfield>
    <subfield code="b">Elsevier,</subfield>
    <subfield code="c">2021</subfield>
  </datafield>
  <datafield tag="300" ind1=" " ind2=" ">
    <subfield code="a">volumes cm</subfield>
  </datafield>
  <datafield tag="336" ind1=" " ind2=" ">
    <subfield code="a">text</subfield>
    <subfield code="b">txt</subfield>
    <subfield code="2">rdacontent</subfield>
  </datafield>
  <datafield tag="337" ind1=" " ind2=" ">
    <subfield code="a">unmediated</subfield>
    <subfield code="b">n</subfield>
    <subfield code="2">rdamedia</subfield>
  </datafield>
  <datafield tag="338" ind1=" " ind2=" ">
    <subfield code="a">volume</subfield>
    <subfield code="b">nc</subfield>
    <subfield code="2">rdacarrier</subfield>
  </datafield>
  <datafield tag="520" ind1=" " ind2=" ">
    <subfield code="a">"Long recognized as an essential reference for therapists and surgeons treating the hand and the upper extremity, Rehabilitation of the Hand and Upper Extremity helps you return your patients to optimal function of the hand, wrist, elbow, arm, and shoulder. Leading hand surgeons and hand therapists detail the pathophysiology, diagnosis, and management of virtually any disorder you're likely to see, with a focus on evidence-based and efficient patient care. Extensively referenced and abundantly illustrated, the 7th Edition of this reference is a "must read" for surgeons interested in the upper extremity, hand therapists from physical therapy or occupational therapy backgrounds, anyone preparing for the CHT examination, and all hand therapy clinics"--</subfield>
    <subfield code="c">Provided by publisher.</subfield>
  </datafield>
  <datafield tag="700" ind1="1" ind2=" ">
    <subfield code="a">Skirven, Terri M.,</subfield>
    <subfield code="e">editor.</subfield>
  </datafield>
  <datafield tag="700" ind1="1" ind2=" ">
    <subfield code="a">Osterman, A. Lee,</subfield>
    <subfield code="e">editor.</subfield>
  </datafield>
  <datafield tag="700" ind1="1" ind2=" ">
    <subfield code="a">Fedorczyk, Jane M.,</subfield>
    <subfield code="e">editor.</subfield>
  </datafield>
  <datafield tag="700" ind1="1" ind2=" ">
    <subfield code="a">Amadio, Peter C.,</subfield>
    <subfield code="e">editor.</subfield>
  </datafield>
  <datafield tag="700" ind1="1" ind2=" ">
    <subfield code="a">Feldscher, Sheri B.,</subfield>
    <subfield code="e">editor.</subfield>
  </datafield>
  <datafield tag="700" ind1="1" ind2=" ">
    <subfield code="a">Shin, Eon Kyu,</subfield>
    <subfield code="e">editor.</subfield>
  </datafield>
  <datafield tag="906" ind1=" " ind2=" ">
    <subfield code="a">0</subfield>
    <subfield code="b">ibc</subfield>
    <subfield code="c">orignew</subfield>
    <subfield code="d">2</subfield>
    <subfield code="e">epcn</subfield>
    <subfield code="f">20</subfield>
    <subfield code="g">y-gencatlg</subfield>
  </datafield>
  <datafield tag="942" ind1=" " ind2=" ">
    <subfield code="2">NLM</subfield>
    <subfield code="c">ENGLIT</subfield>
  </datafield>
  <datafield tag="999" ind1=" " ind2=" ">
    <subfield code="c">7501</subfield>
    <subfield code="d">7501</subfield>
  </datafield>
  <datafield tag="952" ind1=" " ind2=" ">
    <subfield code="0">0</subfield>
    <subfield code="1">0</subfield>
    <subfield code="2">NLM</subfield>
    <subfield code="4">0</subfield>
    <subfield code="7">0</subfield>
    <subfield code="a">yeezen</subfield>
    <subfield code="b">yeezen</subfield>
    <subfield code="d">2023-09-28</subfield>
    <subfield code="o">WE</subfield>
    <subfield code="p">E01280</subfield>
    <subfield code="r">2023-09-28 00:00:00</subfield>
    <subfield code="t">V1</subfield>
    <subfield code="w">2023-09-28</subfield>
    <subfield code="y">ENGLIT</subfield>
    <subfield code="z">Long recognized as an essential reference for therapists and surgeons treating the hand and the upper extremity, Rehabilitation of the Hand and Upper Extremity helps you return your patients to optimal function of the hand, wrist, elbow, arm, and shoulder. Leading hand surgeons and hand therapists detail the pathophysiology, diagnosis, and management of virtually any disorder you're likely to see, with a focus on evidence-based and efficient patient care. Extensively referenced and abundantly illustrated, the 7th Edition of this reference is a "must read" for surgeons interested in the upper extremity, hand therapists from physical therapy or occupational therapy backgrounds, anyone preparing for the CHT examination, and all hand therapy clinics</subfield>
  </datafield>
  <datafield tag="952" ind1=" " ind2=" ">
    <subfield code="0">0</subfield>
    <subfield code="1">0</subfield>
    <subfield code="2">NLM</subfield>
    <subfield code="4">0</subfield>
    <subfield code="7">0</subfield>
    <subfield code="a">yeezen</subfield>
    <subfield code="b">yeezen</subfield>
    <subfield code="d">2023-09-28</subfield>
    <subfield code="o">WE</subfield>
    <subfield code="p">E01281</subfield>
    <subfield code="r">2023-09-28 00:00:00</subfield>
    <subfield code="t">V2</subfield>
    <subfield code="w">2023-09-28</subfield>
    <subfield code="y">ENGLIT</subfield>
  </datafield>
</record>
